000 00562nam a22001817a 4500
003 OSt
005 20171101111543.0
008 171101b xxu||||| |||| 00| 0 ara d
040 _aLB-BrCRDP
082 _a155.916 J83m
100 _aايرين م.جوسلين
245 _aالمشكلات الانفعالية للمرض
250 _aالطبعة الثانية
260 _aالقاهرة
_bمكتبة النهضة المصرية
_c1965
300 _aص102
_cسم19
500 _aترجمة الدكتور السيد محمد خيري
942 _2ddc
_cBK
999 _c17858
_d17858